000
00273nam a22001217a 4500
008
180309b xxu||||| |||| 00| 0 eng d
041
_a
eng
080
_a
038
100
_a
23
101
_a
FJA
245
_a
College thesaurus in dictionary form
_c
Roget's
942
_2
udc
_c
BK
999
_c
44631
_d
44631